000 00566cam a22002411 4500
001 sa 65008807
003 DLC
005 20260227112157.0
008 900220s1961 ii 000 0 sano
010 _asa 65008807
035 _a(OCoLC)21100767
040 _aDLC
_cWaU
_dDLC
041 0 _asanhin
042 _apremarc
050 0 0 _aB132.Y6
_bP264 1961
100 0 _aPatañjali.
245 1 0 _aYoga darśana.
260 _c[1961/62]
300 _a4, 279 p.
_c19 cm.
500 _aHindi and Sanskrit.
650 0 _aYoga.
700 0 _aVyāsa.
_tYogabhāsya.
999 _c65879
_d65879